India’s Foreign Policy : Selected Speeches, September 1946-April 1961 /

Compilación de documentos y discursos en que se aprecian la línea política exterior que sostuvo India en sus primeros años como nación independiente con el resto del mundo, en voz del primer ministro Jawaharlal Nehru, quien decía que su política estaba cimentada en la historia, la cultura y la geogr...

Ful tanımlama

Kaydedildi:
Detaylı Bibliyografya
Yazar: Nehru, Jawaharlal (autor)
Materyal Türü: Kitap
Dil:İngilizce
Baskı/Yayın Bilgisi: Nueva Delhi, India : Ministry of Information and Broadcasting, 2004, c2004
Konular:
Etiketler: Etiketle
Etiket eklenmemiş, İlk siz ekleyin!

MARC

LEADER 00000nam^a2200000^a^4500
001 000183620
005 20250521000000.0
009 20260310102048.009
020 |a 81-230-1125-3 
037 |a Acervo ITESO - Biblioteca 
041 |a ING 
082 |a 320. 954042  |b NEH 
100 |a Nehru, Jawaharlal  |e (autor) 
245 1 0 |a India’s Foreign Policy :  |b Selected Speeches, September 1946-April 1961 /  |c J. Nehru. 
264 4 |a Nueva Delhi, India :  |b Ministry of Information and Broadcasting,  |c 2004, c2004 
300 |a 613 p. 
336 |a texto  |b txt  |2 rdacontenido 
337 |a sin mediación  |b n  |2 rdamedio 
338 |a volumen  |b nc  |2 rdasoporte 
520 |a Compilación de documentos y discursos en que se aprecian la línea política exterior que sostuvo India en sus primeros años como nación independiente con el resto del mundo, en voz del primer ministro Jawaharlal Nehru, quien decía que su política estaba cimentada en la historia, la cultura y la geografía de su país. 
610 |a ONU 
649 |a XX 
650 |a Jefes de Estado Hindúes -  |x Discursos 
650 |a Políticos Hindúes -  |x Discursos 
650 |a Migración 
650 |a Ciudadanía 
650 |a Conflictos Territoriales 
650 |a Territorio Nacional 
650 |a Fronteras Geopolíticas 
650 |a Desarrollo Económico-Social 
650 |a Países No Alineados 
650 |a Nacionalismo 
650 |a Soberanía 
650 |a Independencia Política 
650 |a Colonialismo 
650 |a Racismo 
650 |a Libertad 
650 |a Desarme 
650 |a Militarismo 
650 |a Armamentismo 
650 |a Guerra y Paz 
650 |a Guerra Fría 
650 |a Poder Político 
650 |a Seguridad Nacional 
650 |a Seguridad Internacional 
650 |a Cooperación Internacional 
650 |a Organización del Tratado del Sudeste Asiático 
650 |a Diplomacia 
650 |a Política Exterior -  |z India -  |x Historia 
650 |a Relaciones Internacionales 
650 |a Política Internacional 
650 |a Política -  |z India -  |x Historia -  |y Jawaharlal Nehru, 1947-1964 
650 |a Política -  |z India -  |x Historia -  |y Período Independiente, 1947 en Adelante 
650 |a Política -  |z India -  |x Historia -  |y Siglo XX 
910 |a Fondo General 
920 |a Impresos - Libros 
930 |a Colección General 
905 |a 101 
901 |a 0500123976  |b IT1  |c ACC  |u 20250521 
902 |a https://opac.biblio.iteso.mx/vufind/Record/000183620